Central Library OPAC University of Rajshahi

উত্তরণ / (Record no. 78252)

MARC details
000 -LEADER
fixed length control field 00795nam a22002417a 4500
001 - CONTROL NUMBER
control field 78252
003 - CONTROL NUMBER IDENTIFIER
rucl marc code BD-RjUL
005 - DATE AND TIME OF LATEST TRANSACTION
control field 20211209083117.0
008 - FIXED-LENGTH DATA ELEMENTS--GENERAL INFORMATION
fixed length control field 210829s2020 bg ||||| |||| 00| 0 ben d
020 ## - INTERNATIONAL STANDARD BOOK NUMBER
International Standard Book Number 9848391339
Terms of availability : Tk. 320.00
035 ## - SYSTEM CONTROL NUMBER
System control number (BD-RjUL)78478
040 ## - CATALOGING SOURCE
Original cataloging agency BD-RjUL
Language of cataloging ben
Transcribing agency BD-RjUL
041 ## - LANGUAGE CODE
Language code of text/sound track or separate title ben
082 ## - DEWEY DECIMAL CLASSIFICATION NUMBER
Edition number 23
Classification number 891.443
Author mark and year ROA 2020
100 ## - MAIN ENTRY--PERSONAL NAME
Personal name রায়, চামেলী
9 (RLIN) 247207
245 10 - TITLE STATEMENT
Title উত্তরণ /
Statement of responsibility, etc. চামেলী রায়
250 ## - EDITION STATEMENT
Edition statement ২য় সং.
260 ## - PUBLICATION, DISTRIBUTION, ETC. (IMPRINT)
Place of publication, distribution, etc. ঢাকা :
Name of publisher, distributor, etc. জাতীয় সাহিত্য প্রকাশ,
Date of publication, distribution, etc. ২০২০
300 ## - PHYSICAL DESCRIPTION
Pagination ১৬৫ পৃ.;
Size ২২ সেমি.
650 ## - SUBJECT ADDED ENTRY--TOPICAL TERM
Topical term or geographic name as entry element বাংলা উপন্যাস
9 (RLIN) 247208
Topical term or geographic name as entry element Bengali novels
9 (RLIN) 247209
942 ## - ADDED ENTRY ELEMENTS (KOHA)
Source of classification or shelving scheme Dewey Decimal Classification
Koha item type Books
Holdings
Lost status Source of classification or shelving scheme Damaged status Not for loan Collection code Permanent Location Current Location Shelving location Date acquired Source of acquisition Cost, normal purchase price Total Checkouts Full call number Date last seen Copy number Koha item type
  Dewey Decimal Classification   Not For Loan Fiction Central Library, University of Rajshahi Central Library, University of Rajshahi Reading Room 11/04/2021 Author 320.00   B 891.443 ROA 2020 29/08/2021 C-1 Books
  Dewey Decimal Classification     Fiction Central Library, University of Rajshahi Central Library, University of Rajshahi   11/04/2021 Author 320.00   B 891.443 ROA 2020 29/08/2021 C-2 Books
  Dewey Decimal Classification     Fiction Central Library, University of Rajshahi Central Library, University of Rajshahi Reading Room 11/04/2021 Author 320.00   B 891.443 ROA 2020 29/08/2021 C-3 Books